000 00542nam a2200181Ia 4500
003 GCL
008 140319s9999 xx 000 0 ara d
040 _aGCL /
_cGCL
082 0 4 _a811.9
_bم ا
100 1 _aمحمود امين العالم
245 1 0 _aاغنية الانسان: ديوان شعر /
_cمحمود امين العالم
300 _a141 ص
490 _aكتاب الجمهورية
_v0
650 0 4 _aالشعر العربى
650 0 4 _aالادب العربى
650 0 4 _aالعصر الحديث
942 _2ddc
_cBK
999 _c46729
_d46729